Estatísticas para Capitais mundiais mais próximas de Amsterdã

Clique aqui para jogar o quiz

Estatísticas Gerais

  • Esse quiz foi jogado 27 vezes
  • A pontuação média é 15 de 20

Estatísticas das Respostas

kmcapital% Correto
578Berlim
100%
173Bruxelas
100%
430Paris
100%
631Berna
92%
358Londres
92%
622Copenhaga
88%
319Luxemburgo
88%
1098Varsóvia
88%
936Viena
88%
756Dublin
83%
914Oslo
79%
1125Estocolmo
75%
713Praga
71%
989Liubliana
58%
979Mônaco
58%
987Bratislava
54%
1086Zagreb
54%
670Vaduz
50%
1126Andorra-a-Velha
46%
1091San Marino
46%

Distribuição das Pontuações

Percentil de Números Respondidos

Porcentagem de Pessoas com Cada Pontuação

Sua Pontuação Histórica

Você não jogou esse quiz